| 000 | 00845nam a2200265Ia 4500 | ||
|---|---|---|---|
| 001 | 22099 | ||
| 005 | 20260320113342.0 | ||
| 008 | 260320s9999||||xx |||||||||||||| ||und|| | ||
| 020 | _a9788491135708 | ||
| 041 | _aESP | ||
| 082 |
_a611.8 _bC91N |
||
| 100 |
_aCrossman, Alan R., _eAUT |
||
| 245 | 0 |
_aNeuroanatomía : _btexto y atlas en color |
|
| 246 |
_a _5 _b |
||
| 250 | _aSexta edición | ||
| 260 |
_aBarcelona : _bElsevier, _c2020 |
||
| 300 |
_a173 páginas : _bilustraciones ; _c30 cm. _e |
||
| 440 |
_a _n _v |
||
| 650 | _aTCA | ||
| 653 | _aMedicina; Neuroanatomía | ||
| 654 | _aCCS | ||
| 700 |
_aNeary, D., _cAUT |
||
| 856 |
_uhttps://0u216rxm3-y-https-accessmedicina-mhmedical-com.itmsp.museknowledge.com/searchresults.aspx?q=Neuroanatomia _zVéase además: Base de datos McGraw Hill Access Medicina |
||
| 942 |
_cLIB _dJUS _fMIP _2ddc _n |
||
| 999 |
_c22099 _d22099 |
||